| 000 | 01035pam a2200325 i 4500 | ||
|---|---|---|---|
| 999 |
_c2287 _d2287 |
||
| 001 | 019280931 | ||
| 003 | Uk | ||
| 005 | 20230410113354.0 | ||
| 008 | 190227s2019 enka j 000|j|eng|d | ||
| 015 |
_aGBB941433 _2bnb |
||
| 016 | 7 |
_a019280931 _2Uk |
|
| 020 | _a9780603570308 (pbk.) : | ||
| 040 |
_aStDuBDS _beng _cStDuBDS _dUk _dKH8 _erda |
||
| 042 | _aukblcatcopy | ||
| 082 | 0 | 4 |
_a823.912 BLY _223 |
| 100 | 1 |
_aBlyton, Enid, _eauthor. |
|
| 245 | 1 | 0 |
_aNaughty Amelia Jane / _cEnid Blyton. |
| 250 |
_a[New] edition / _binterior illustrations by Erin Brown. |
||
| 264 | 1 |
_aLondon : _bEgmont, _c2019. |
|
| 300 |
_a177 pages : _billustrations (black and white) ; _c20 cm |
||
| 336 |
_atext _2rdacontent |
||
| 336 |
_astill image _2rdacontent |
||
| 337 |
_aunmediated _2rdamedia |
||
| 338 |
_avolume _2rdacarrier |
||
| 500 |
_aFormerly CIP. _5Uk |
||
| 600 | 0 | 0 |
_aAmelia Jane _c(Fictitious character) _vJuvenile fiction. |
| 650 | 0 | _aChildren's stories, English. | |
| 700 | 1 |
_aBrown, Erin _c(Illustrator), _eillustrator. |
|
| 942 |
_2ddc _cFIC |
||